000 00777nam a2200253 i 4500
001 000029702
003 DO-SdBNP
005 20250407141115.0
007 ta
008 110425s20uu dr ad 000 0 spa d
040 _aDO-SdBNP
_bspa
_cBNPHU
_erda
041 _hspa
082 4 _axxx
_bR426e
_222
110 1 _aRepública Dominicana.
_bSecretaría de Estado de la Mujer
_938238
245 1 0 _aEquidad de género :
_brendición de cuentas.
260 _c[
264 4 _aSanto Domingo :
_bSecretaría de Estado de la Mujer,
_c200?.
300 _a52 páginas :
_bilustraciones, driagramas ;
_c14 cm.
336 _atexto
_btxt
_2rdacontent
337 _asin mediación
_bn
_2rdamedia
338 _avolumen
_bnc
_2rdacarrier
590 _aInventariado, 2025/BT
942 _2ddc
_cLBS1
999 _c29194
_d29194